Statistics for 500 Most Popular Boys Names in the US (2022)

Click here to take the quiz!

General Stats

  • This quiz has been taken 5,790 times
  • The average score is 127 of 500

Answer Stats

Answer% Correct
26JJohn
91%
6WWilliam
87%
4JJames
86%
15JJack
84%
16MMichael
82%
1LLiam
80%
45TThomas
79%
3OOliver
77%
31DDavid
73%
142GGeorge
73%
7HHenry
73%
88JJose
73%
247MMark
73%
14DDaniel
72%
39MMatthew
72%
2NNoah
72%
190AAlex
71%
294AAndre
69%
34LLuke
68%
262PPaul
68%
84RRobert
68%
359SStephen
68%
257SSteven
68%
9BBenjamin
67%
28LLuca
67%
117LLuka
67%
214PPeter
67%
20SSamuel
67%
22LLeo
66%
56CChristopher
64%
216EEdward
64%
50CCharles
63%
30JJoseph
63%
219RRichard
63%
8LLucas
62%
235LLukas
62%
69EEli
61%
489LLewis
61%
246LLouis
61%
125LLuis
61%
57NNathan
61%
98NNicholas
61%
191NNicolas
61%
97AAdam
60%
17AAlexander
60%
89BBeau
60%
492BBo
60%
61AAndrew
59%
23JJackson
59%
32JJacob
59%
67JJaxon
59%
119JJaxson
59%
166ZZachary
59%
44AAnthony
58%
500EEithan
58%
21EEthan
58%
203TTimothy
58%
59KKai
57%
182KKevin
57%
60JJoshua
56%
290BBrian
55%
291BBryan
55%
145JJason
55%
158LLeon
55%
439FFrank
54%
71AAaron
53%
74RRyan
53%
229EEric
52%
321EErick
52%
432EErik
52%
79JJonathan
52%
469AAlijah
50%
5EElijah
50%
73CChristian
49%
322CCristian
49%
367JJay
49%
491MMarcos
48%
237MMarcus
48%
218PPatrick
48%
494PPhilip
48%
397SSean
48%
99TTheo
48%
180JJustin
47%
297MMuhammad
47%
164TTyler
47%
189AAlan
46%
393KKyle
46%
201OOscar
46%
18OOwen
46%
211BBrandon
45%
178CCharlie
45%
92JJordan
45%
496GGregory
44%
72IIan
44%
407JJake
44%
305MMartin
44%
156MMax
44%
134EEvan
43%
42IIsaac
43%
245JJeremy
43%
239JJavier
42%
141JJuan
42%
100XXavier
42%
213VVictor
41%
434AAdan
40%
296AAidan
40%
29AAiden
40%
171AAyden
40%
24MMason
40%
10TTheodore
40%
140AArthur
39%
462FFrancis
39%
320JJaden
39%
455JJaiden
39%
46JJayden
39%
165JJesus
39%
33LLogan
39%
139NNathaniel
39%
242SSimon
39%
474FFrederick
38%
204AAbraham
37%
147CCarlos
37%
41DDylan
37%
36GGabriel
37%
127HHarrison
37%
269WWalter
37%
344BBradley
36%
64CCameron
36%
452JJeffrey
36%
406KKameron
36%
75LLeonardo
35%
123VVincent
35%
449AAndy
34%
118CConnor
34%
35JJulian
34%
264KKenneth
34%
298DDerek
33%
13SSebastian
33%
150EElliot
32%
168EElliott
32%
292CCade
31%
52CCaleb
31%
93JJeremiah
31%
350KKade
31%
259KKaleb
31%
111AAustin
30%
47CCarter
30%
293CColin
30%
472CCollin
30%
400JJohnny
30%
135JJonah
30%
217KKarter
30%
12LLevi
30%
236NNico
30%
287NNiko
30%
258ZZane
30%
275ZZayn
30%
416ZZayne
30%
177AAntonio
29%
143CCole
29%
101HHunter
29%
11MMateo
29%
184MMatteo
29%
163DDean
28%
58IIsaiah
28%
159IIvan
28%
299AAli
27%
212JJoel
27%
55MMiles
27%
112MMyles
27%
343RRaymond
27%
63AAdrian
26%
228BBlake
26%
223CCaden
26%
438CCaiden
26%
295CCayden
26%
53CCooper
26%
108DDamian
26%
304DDamien
26%
220GGrant
26%
273JJax
26%
194JJesse
26%
161JJude
26%
267KKaden
26%
167KKaiden
26%
107KKayden
26%
94PParker
26%
146AAshton
25%
149BBrayden
25%
102DDominic
25%
43EElias
25%
49EEzekiel
25%
332EEzequiel
25%
408FFranklin
25%
86LLandon
25%
241OOmar
25%
383TTravis
25%
19AAsher
24%
148CCalvin
24%
136CChase
24%
302CCody
24%
176FFinn
24%
155GGraham
24%
37GGrayson
24%
95GGreyson
24%
54LLincoln
24%
372MMarco
24%
199XXander
24%
310ZZander
24%
25EEzra
23%
160HHayden
23%
425NNoel
23%
65NNolan
23%
415PPedro
23%
225RRiley
23%
479SSeth
23%
70WWesley
23%
38WWyatt
23%
215AAbel
22%
110CCarson
22%
423DDevin
22%
463GGarrett
22%
378JJared
22%
284JJorge
22%
339KKarson
22%
173MMaxwell
22%
185MMiguel
22%
62AAngel
21%
265BBryce
21%
358EEdwin
21%
468JJasiah
21%
51JJosiah
21%
366MMario
21%
68RRoman
21%
335WWarren
21%
377AArchie
20%
109AAugust
20%
124DDiego
20%
307EEllis
20%
206GGavin
20%
445HHank
20%
399HHugo
20%
360KKane
20%
222KKing
20%
327LLeonel
20%
315MManuel
20%
498RRoberto
20%
193AAlejandro
19%
77AAxel
19%
249CCallum
19%
240CColt
19%
418EEdgar
19%
403HHarvey
19%
85JJameson
19%
130JJasper
19%
348JJulius
19%
90MMicah
19%
443QQuinn
19%
232RRafael
19%
483RRaphael
19%
357RRicardo
19%
226TTristan
19%
205AAndres
18%
281BBrady
18%
427CClark
18%
461EEmanuel
18%
170EEmmanuel
18%
120MMilo
18%
413PPablo
18%
374RRussell
18%
276TTobias
18%
82WWeston
18%
207BBrody
17%
91CColton
17%
115EEmmett
17%
192FFelix
17%
27HHudson
17%
384MMarshall
17%
255PPreston
17%
105RRiver
17%
96RRowan
17%
440SSolomon
17%
420WWinston
17%
337AAnderson
16%
424DDamon
16%
340EEduardo
16%
282FFinley
16%
103JJace
16%
154JJayce
16%
396MMathias
16%
196MMatias
16%
465MMatthias
16%
426RRhys
16%
338SSpencer
16%
477TTroy
16%
78WWalker
16%
144ZZion
16%
460AAlexis
15%
221AAvery
15%
83BBennett
15%
253DDallas
15%
114DDeclan
15%
288FFrancisco
15%
40MMaverick
15%
280RRory
15%
392TTyson
15%
313AAngelo
14%
126AArcher
14%
329AAri
14%
336CCasey
14%
286CClayton
14%
80EEaston
14%
81EEverett
14%
342FFernando
14%
122GGiovanni
14%
233IIsrael
14%
364KKillian
14%
309OOtto
14%
347PPrince
14%
87SSilas
14%
485SSylas
14%
410TTanner
14%
137BBryson
13%
354HHector
13%
181JJudah
13%
133LLorenzo
13%
285MMalcolm
13%
323RRomeo
13%
459RRuben
13%
116RRyder
13%
48SSantiago
13%
131SSawyer
13%
197TTucker
13%
346WWade
13%
153AAce
12%
169AArlo
12%
172BBentley
12%
157BBraxton
12%
76BBrooks
12%
187CCamden
12%
263CCash
12%
341CChance
12%
271EEmerson
12%
198EEmilio
12%
210JJett
12%
243KKash
12%
381KKobe
12%
270MMaximus
12%
261PPhoenix
12%
113AAmir
11%
254CCrew
11%
183DDawson
11%
446DDonovan
11%
121EEnzo
11%
319JJaylen
11%
490KKieran
11%
128KKingston
11%
252KKyler
11%
260LLane
11%
162MMalachi
11%
231MMalakai
11%
356RRemy
11%
349DDakota
10%
311DDante
10%
473FFord
10%
312IIsmael
10%
303JJensen
10%
328JJoaquin
10%
464KKendrick
10%
179MMaddox
10%
256PPaxton
10%
414RReed
10%
325RReid
10%
266RRonan
10%
421RRonin
10%
376RRylan
10%
382SSergio
10%
234TTate
10%
106TThiago
10%
66WWaylon
10%
487ZZaiden
10%
186ZZayden
10%
129AAtlas
9%
274AAtticus
9%
467AAugustus
9%
345CCesar
9%
411EEden
9%
431EEsteban
9%
405GGrady
9%
230GGriffin
9%
283HHolden
9%
478KKason
9%
279KKayson
9%
251NNash
9%
330OOdin
9%
331OOrion
9%
175RRyker
9%
208BBarrett
8%
195BBeckett
8%
301BBodhi
8%
484BBodie
8%
277CCohen
8%
428CCorbin
8%
317CCruz
8%
444DDax
8%
363DDesmond
8%
457FFabian
8%
402FForrest
8%
104GGael
8%
209HHayes
8%
476KKohen
8%
409LLawson
8%
248LLennox
8%
244RRemington
8%
151RRhett
8%
174AAmari
7%
388AApollo
7%
326CCyrus
7%
333GGideon
7%
387GGunner
7%
272HHendrix
7%
419IIbrahim
7%
289JJosue
7%
456KKian
7%
200KKnox
7%
132LLegend
7%
429SSonny
7%
365SSullivan
7%
318TTatum
7%
362TTitus
7%
138AAdriel
6%
202BBeckham
6%
314BBrantley
6%
480DDenver
6%
152EEmiliano
6%
447FFinnegan
6%
379GGianni
6%
227KKyrie
6%
395MMalik
6%
268MMaximiliano
6%
188MMessiah
6%
324MMilan
6%
394OOakley
6%
391SSage
6%
224AAdonis
5%
470AAlonzo
5%
451AAsa
5%
433BBaker
5%
306CCairo
5%
353CCallan
5%
458CCallen
5%
334DDaxton
5%
250KKairo
5%
499LLeland
5%
369LLuciano
5%
448NNehemiah
5%
497PPrinceton
5%
401SSterling
5%
398AArmani
4%
389BBowen
4%
386BBriggs
4%
300EElian
4%
385IIker
4%
475JJaxton
4%
308KKhalil
4%
441MMajor
4%
352RRaiden
4%
370RRoyal
4%
417RRoyce
4%
238SStetson
4%
373WWilder
4%
482AAres
3%
404BBanks
3%
390BBaylor
3%
316CColson
3%
430CColter
3%
454IIsaias
3%
380KKashton
3%
436KKylo
3%
481KKyson
3%
422LLeonidas
3%
442MMemphis
3%
355OOnyx
3%
361SSaint
3%
488SShiloh
3%
437TTripp
3%
486UUriel
3%
466WWells
3%
495ZZaire
3%
371ZZyaire
3%
278AAziel
2%
450CCamilo
2%
368KKamari
2%
351KKoa
2%
471KKoda
2%
375NNasir
2%
453SSantino
2%
493SShepherd
2%
435DDariel
1%
412JJaziel
1%

Score Distribution

Percentile by Number Answered

Percent of People with Each Score

Your Score History

You have not taken this quiz